|
|
|
|
| LEADER |
01056nab a2200265 i 4500 |
| 001 |
tort113 |
| 005 |
20220207121744.0 |
| 008 |
211215s1997 hu o 0|| zxx d |
| 022 |
|
|
|a 0133-0500
|
| 040 |
|
|
|a PEREPO TORTENET
|b hun
|
| 041 |
|
|
|a zxx
|
| 245 |
0 |
0 |
|a Főiskolai fórum
|h [elektronikus dokumentum] :
|b Folyóirat a PSZF zalaegerszegi intézetében
|
| 260 |
|
|
|a Zalai Hírlap Kiadói Bt.
|b Zalaegerszeg, Magyarország
|c 1997-05-07
|
| 300 |
|
|
|a 4-4
|
| 490 |
0 |
|
|a Zalai Hírlap
|v 53 No. 105
|
| 695 |
|
|
|a Pénzügyi és Számviteli Főiskola Zalaegerszegi Intézete - PSZF ZI
|
| 695 |
|
|
|a Décsy Jenő dr.
|
| 695 |
|
|
|a Zsupanekné dr. Palányi Ildikó
|
| 695 |
|
|
|a Szabó G. Tibor
|
| 695 |
|
|
|a Lambertné Katona Mónika
|
| 695 |
|
|
|a Hóbor József
|
| 695 |
|
|
|a Sutus Imre dr.
|
| 695 |
|
|
|a Polvax : társadalomtudományi folyóirat
|
| 695 |
|
|
|a fórum
|
| 856 |
4 |
0 |
|u https://perepo-tortenet.uni-pannon.hu/id/eprint/113/1/1997-05-07_zalai_h%C3%ADrlap_F%C5%91iskoali%20f%C3%B3rum%20%2853.%20%C3%A9vf.%20105.%20sz.%2C%20p.%204.%29.pdf
|z Dokumentum-elérés
|